| 000 | 00496nam a22001937a 4500 | ||
|---|---|---|---|
| 003 | MPLRDC | ||
| 005 | 20220104190104.0 | ||
| 008 | 210129b ||||| |||| 00| 0 eng d | ||
| 020 | _a978-986-6614-83-5 | ||
| 082 | _a548.1 CLI | ||
| 100 | _aBILL CLINTON | ||
| 245 |
_a不求回报的给予 _c萧文珒 译 |
||
| 250 | _a初版一刷 | ||
| 260 |
_a台湾 _b博雅书屋有限公司 _c2010 |
||
| 300 | _b平 | ||
| 490 | _a社会意识 007 | ||
| 650 | _a公益事业 | ||
| 942 |
_cBK _o548.1 CLI |
||
| 999 |
_c63625 _d63615 |
||